000 00756nam a2200265Ia 4500
003 OSt
005 20220918174132.0
006 a|||||r|||| 00| 0
007 ta
008 220917b |||||||| |||| 00| 0 eng d
024 _a10,628
037 _cTextual
040 _aARTS
_cARTS
_beng
041 _2eng
_aeng
082 _aM13, J21
100 _aUnesco
110 _aIntelligence unit of the economist (London)
_949213
245 0 _aPaper for printing today and tomorrow
260 _aLondon
_bIntelligence unit of the economist
_c1952
300 _a139
_ccm.
650 _aINDUSTRIAL ARTS
700 _aIntelligence unit of the economist (London)
_949214
942 _hM13, J21
_cTEXL
_2CC
999 _c151915
_d151915